Geography Anagrams (challenging) - Statistics

General Stats
  • This quiz has been taken 326 times
  • The average score is 6 of 15
Answer Stats
anagram words answer % Correct
LAITY 1 Italy
99%
LUG EURO BMX 1 Luxembourg
68%
MY RANGE 1 Germany
57%
O RETRO KHAN 2 (5,5) North Korea
49%
WAS NOTHING 1 Washington
49%
A REPOSING 1 Singapore
43%
MART DAMES 1 Amsterdam
40%
FANTASIA NIGH 1 Afghanistan
37%
A TRAIN 1 Tirana
34%
UNI BELLE 2 Blue Nile
31%
BARING ATTIRE 2 (5,7) Great Britain
27%
HEROIC MANTRA 2 (5,7) North America
22%
APT DRY MIRAGE 2 (5,7) Great Pyramid
18%
IF WAR, ACE LONG HALT 4 Great Wall of China
14%
LE BAD BRO'S INN 2 (6,6) Robben Island
13%
No matching quizzes found
Score Distribution
Percent of People with Each Score
Percentile by Number Answered
Your Score History
You have not taken this quiz